000
00327nam a2200133Ia 4500
008
240624s9999 xx 000 0 und d
041
_a
eng
082
_a
823 PAT
100
_a
PATTANAIK DEVDUTT
245
_a
PREGNANT KING
260
_c
2008
_a
New Delhi
_b
Penguin Books
300
_a
vii, : 349 : p. : cm. ; 19
365
_c
RS
_b
20
999
_c
9630
_d
9630